000 00783cam a2200277 a 4500
001 921434
003 PILC
005 20160204094445.0
008 820707s1981 enk 000 1 eng
010 _a 82141185
015 _aGB***
020 _a0340265124 :
_c£6.95
040 _aDLC
_cDLC
_dDLC
_dOCoLC
050 0 0 _aPR 9619.3
_b.W4 1982
082 0 0 _aFIC
_bW52c 1981
100 1 _aWest, Morris L.,
_d1916-
_918995
245 1 4 _aThe clowns of god
_cMorris West
260 _aLondon :
_bCoronet books,
_cc1982.
300 _a428 p. :
_c18 cm.
650 0 _aEnd of the world
_xFiction.
_918996
650 0 _aPopes
_xFiction.
_918997
655 7 _aPolitical fiction.
_2lcsh
_91888
906 _a7
_bcbc
_corignew
_d2
_encip
_f19
_gy-gencatlg
942 _2lcc
_cBK
999 _c11115
_d11115